00806nam a2200229 a 450000100060000000300080000600500170001400800410003102000250007203500190009704000360011604100080015208200280016024501210018826000550030930000270036450400410039165000290043265100470046170000360050870000320054457846BD-RjUL20211209080546.0161212s1980 bg b 000 0 eng  cTk65.00 ($8.00 U.S.) a(BD-RjUL)57970 aDGPO/DLCdBD-RjULbengcBD-RjUL aeng0 a320.95492223bPOL 198000aPolitics and bureaucracy in a new nation, Bangladesh /cedited by Mohammad Mohabbat Khan, Habib Mohammad Zafarullah. aDacca :bCenter for Administrative Studies,c1980. axxiv, 259 p. ;c24 cm. aIncludes bibliographical references. 0aBureaucracyzBangladesh. 0aBangladeshxPolitics and governmenty1971-1 aKhan, Mohammad Mohabbat,d1949-1 aZafarullah, Habib Mohammad.